LDR 01076nam a2200217 i 4500 001 000000130664 003 CaOOAMICUS 005 20260319120816.0 008 091113s1906 it u000 u ita u 040 $aSeMil$bita 100 1 $aBonacina, Carlo,$c
.$0(OLS)http://semarc/name/41877 245 10$aMons. Carlo Caccia e i suoi tempi :$bmemorie storiche. 1802-1866 /$csac. Carlo Bonacina dottore in Sacra Teologia. 264 1$aMilano :$bPremiata Tipografia Pont. e Arciv. S. Giuseppe,$c1906. 300 $a654 p. ;$c23 cm. 600 14$aCaccia Dominioni, Carlo
.$0(OLS)http://semarc/subject/25722 650 4$aMilano (Arcidiocesi) - Storia - Sec. 19.$0(OLS)http://semarc/subject/2613 850 $aSeMil 852 $aSeMil$W1$xVenegono$y1$m3A III 219$j268709$B84700$CSeMilBibl$Z2$F145731 $81 996 $6245$aMons. Carlo Caccia e i suoi tempi :$bmemorie storiche. 1802-1866$9(OLS)http://semarc/title/192433 996 $6264$aMilano :$bPremiata Tipografia Pont. e Arciv. S. Giuseppe$9(OLS)http://semarc/publisher/33379